|
|
|
|
| LEADER |
00000nam1a2200000 4500 |
| 001 |
314927 |
| 005 |
20231102002727.0 |
| 020 |
|
|
|a RU
|b 82-50547
|
| 035 |
|
|
|a (RuTPU)RU\TPU\book\340360
|
| 090 |
|
|
|a 314927
|
| 100 |
|
|
|a 20160220d1982 km y0rusy5003 ca
|
| 101 |
0 |
|
|a rus
|
| 200 |
1 |
|
|a Дистанционное наблюдение и экспертная оценка. Общение и коммуникация в задачах медицинского контроля
|f Академия наук СССР (АН СССР) ; под ред. П. В. Симонова, В. И. Мясникова
|
| 210 |
|
|
|a Москва
|c Наука
|d 1982
|
| 215 |
|
|
|a 110 с.
|c ил.
|
| 300 |
|
|
|a Авт. указаны на обороте тит. л.
|
| 606 |
1 |
|
|a Клиническая медицина
|2 stltpush
|3 (RuTPU)RU\TPU\subj\14539
|9 40914
|
| 606 |
1 |
|
|a Космическая медицина
|2 stltpush
|3 (RuTPU)RU\TPU\subj\15770
|9 41980
|
| 610 |
1 |
|
|a дистанционные наблюдения
|
| 610 |
1 |
|
|a экспертные оценки
|
| 610 |
1 |
|
|a медицинский контроль
|
| 610 |
1 |
|
|a общение
|
| 610 |
1 |
|
|a коммуникации
|
| 610 |
1 |
|
|a диагностические исследования
|
| 610 |
1 |
|
|a диагностика
|
| 610 |
1 |
|
|a внешние признаки
|
| 610 |
1 |
|
|a психологическая адаптация
|
| 610 |
1 |
|
|a космонавты
|
| 610 |
1 |
|
|a наземные объекты
|
| 610 |
1 |
|
|a разговорные взаимодействия
|
| 675 |
|
|
|a 613.693
|z rus
|v 3
|
| 675 |
|
|
|a 616
|z rus
|v 3
|
| 702 |
|
1 |
|a Симонов
|b П. В.
|g Павел Васильевич
|4 340
|
| 702 |
|
1 |
|a Мясников
|b В. И.
|4 340
|
| 712 |
0 |
2 |
|a Академия наук СССР (АН СССР)
|c (Ленинград/Москва)
|c (1925-1991)
|2 stltpush
|3 (RuTPU)RU\TPU\col\722
|
| 801 |
|
0 |
|a RU
|b RuMRKP
|c 19950704
|g psbo
|
| 801 |
|
1 |
|a RU
|b 63413507
|c 20160220
|
| 801 |
|
2 |
|a RU
|b 63413507
|c 20191125
|g RCR
|
| 942 |
|
|
|c BK
|